Culture Générale - Série 898 - Statistiques

Statistiques générales
  • Ce quiz a été pris 188 fois
  • Le résultat moyen est 5 sur 10
Statistiques - réponses
Question Réponse % Correct
Avec quel pays la Bolivie partage-t-elle le lac Titicaca ? Pérou
96%
En 1588, la flotte d'invasion armée espagnole à destination de l'Angleterres'appelait "L'invincible ... armada
80%
Quelle est la capitale du Liechtenstein ? Vaduz
80%
Quel nom donne-t-on aux reins des animaux de boucherie ? rognons
66%
Quel est le prénom de l'héroïne incarnée par Anne Brochet dans “Cyrano de Bergerac” de Jean-Paul Rappeneau ? Roxane
46%
En 1940, à quel écrivain italien, prénommé Dino, doit-on le roman “Le Désert des Tartares” ? Dino Buzzati
35%
Quel chanteur a composé le titre : "Hakuna Matata", pour le dessin animé de Disney : "Le Roi Lion" ? Elton John
35%
Le 20 mars 1780, le marquis de La Fayette afin de prêter main-forte aux insurgés américains contre les Anglais, s'est embarqué à bord de l'... hermione
28%
Quel est le prénom de la danseuse étoile nommée Dupont ? Aurélie
19%
Sous quel nom connaissait-on mieux Edouard Ruault ? Eddie Barclay
6%
Aucun quiz correspondant
Distribution des résultats
% des personnes avec chaque résultat
Percentile par nombre de réponses
Votre historique - résultats
Vous n’avez pas pris ce quiz